[Event "Robecchetto op-B 25th"]
[Site "Robecchetto"]
[Date "2014.12.28"]
[Round "4"]
[White "Recanatini, Italo"]
[Black "Maffeo, Mauro"]
[Result "1-0"]
[WhiteElo "1808"]
[BlackElo "1644"]
[PlyCount "135"]
[EventDate "2014.12.26"]
[EventType "swiss"]
[EventRounds "6"]
[EventCountry "ITA"]
[SourceTitle "EXT 2017"]
[Source "ChessBase"]
[SourceDate "2016.10.25"]
[SourceVersion "1"]
[SourceVersionDate "2016.10.25"]
[SourceQuality "1"]

1. e4 e6 2. d4 d5 3. exd5 exd5 4. Nf3 Bg4 5. Be2 Bxf3 6. Bxf3 Qe7+ 7. Be3 Nf6 8. c4 Qb4+ 9. Nd2 dxc4 10. Qc2 c6 11. Qxc4 Qd6 12. Rc1 Be7 13. 0-0 0-0 14. a3 Nbd7 15. Qb3 Nb6 16. Rfd1 Nfd5 17. Bxd5 Qxd5 18. Qxd5 Nxd5 19. Nc4 Rad8 20. Bd2 Bf6 21. Be3 Rfe8 22. Re1 h6 23. b4 a6 24. Na5 Rd7 25. Nb3 Be7 26. f3 Bd6 27. Bf2 Rde7 28. Rxe7 Rxe7 29. Re1 Rxe1+ 30. Bxe1 b6 31. Bd2 Bf4 32. Kf2 Bxd2 33. Nxd2 f5 34. g3 Kf7 35. Nc4 Ke6 36. f4 b5 37. Na5 Kd6 38. Nb3 Nc7 39. Ke3 Kd5 40. Nc5 Kc4 41. Nd7 Nd5+ 42. Kd2 Kxd4 43. Nb8 Nb6 44. Nxc6+ Ke4 45. Ke2 g5 46. fxg5 hxg5 47. Nb8 Nc4 48. Nxa6 Nxa3 49. Nc7 Nc2 50. Nxb5 Nxb4 51. Nd6+ Ke5 52. Nc4+ Ke4 53. Nd2+ Ke5 54. h3 Nd5 55. Nc4+ Kf6 56. Kd3 f4 57. g4 f3 58. Ke4 Nf4 59. h4 Nh3 60. h5 f2 61. Nd2 Nf4 62. Kf3 Ke5 63. Kxf2 Nh3+ 64. Kf3 Nf4 65. Ne4 Nxh5 66. gxh5 Kf5 67. Ng3+ Kf6 68. Kg4 1-0

[Event "Ceriano Laghetto op-B 21st"]
[Site "Ceriano Laghetto"]
[Date "2012.03.??"]
[Round "2"]
[White "Recanatini, Italo"]
[Black "Carbone, Lorenzo"]
[Result "1-0"]
[WhiteElo "1810"]
[BlackElo "1706"]
[PlyCount "101"]
[EventDate "2012.03.24"]
[EventType "swiss"]
[EventRounds "5"]
[EventCountry "ITA"]
[SourceTitle "EXT 2024"]
[Source "ChessBase"]
[SourceDate "2023.10.10"]
[SourceVersion "1"]
[SourceVersionDate "2023.10.10"]
[SourceQuality "1"]

1. e4 c5 2. Nf3 d6 3. c3 Nc6 4. d4 cxd4 5. cxd4 e5 6. d5 Nce7 7. Bb5+ Bd7 8. Qa4 Nf6 9. Nc3 a6 10. Bxd7+ Qxd7 11. Qxd7+ Nxd7 12. Be3 b5 13. b4 Ng6 14. Rc1 Rc8 15. Ne2 Rxc1+ 16. Nxc1 Be7 17. Nb3 Bd8 18. Ke2 0-0 19. Rc1 Ne7 20. Nfd2 f5 21. f3 f4 22. Bf2 g5 23. g4 Kg7 24. h4 h6 25. h5 Rf7 26. Nb1 Kf8 27. Nc3 Bb6 28. a4 Bxf2 29. Kxf2 bxa4 30. Nxa4 Ke8 31. Na5 Rf6 32. Nc6 Nc8 33. Nb8 Kd8 34. Nxd7 Kxd7 35. Rc6 Rf8 36. Rxa6 Kc7 37. Rc6+ Kb7 38. Nc3 Rf7 39. Nb5 Rd7 40. Ke2 Rd8 41. Kd3 Rd7 42. Kc2 Rd8 43. Kb3 Rd7 44. Ka4 Rd8 45. Rc7+ Ka6 46. Nc3 Nb6+ 47. Kb3 Nd7 48. Rc6+ Kb7 49. Rxd6 Kc8 50. Rxh6 Rg8 51. Rg6 1-0

[Event "Ceriano Laghetto op-B 21st"]
[Site "Ceriano Laghetto"]
[Date "2012.03.??"]
[Round "1"]
[White "Veri, Giustino"]
[Black "Recanatini, Italo"]
[Result "1/2-1/2"]
[WhiteElo "1696"]
[BlackElo "1810"]
[PlyCount "93"]
[EventDate "2012.03.24"]
[EventType "swiss"]
[EventRounds "5"]
[EventCountry "ITA"]
[SourceTitle "EXT 2024"]
[Source "ChessBase"]
[SourceDate "2023.10.10"]
[SourceVersion "1"]
[SourceVersionDate "2023.10.10"]
[SourceQuality "1"]

1. d4 d5 2. Nf3 Bf5 3. c4 Bxb1 4. Rxb1 e6 5. Bg5 Be7 6. Bxe7 Nxe7 7. e3 Nd7 8. cxd5 exd5 9. Bd3 h6 10. b4 c6 11. a4 a6 12. a5 Rc8 13. Qc2 0-0 14. 0-0 Re8 15. Nh4 Nf8 16. Nf5 Nxf5 17. Bxf5 Rc7 18. Rb3 g6 19. Bh3 Rce7 20. Rd3 Kg7 21. g3 f5 22. Bg2 Nd7 23. Qd2 Nf6 24. Qc2 Re6 25. Qc1 Qe7 26. Re1 Qxb4 27. Qa1 Qf8 28. Rb1 Rb8 29. Rdb3 Re7 30. Qb2 Qd8 31. Qa3 Qc7 32. Bf1 Ree8 33. Qb2 Re7 34. Bxa6 Qxa5 35. Bxb7 Ne4 36. Bxc6 Rxb3 37. Qxb3 Nd2 38. Qb4 Ra7 39. Qxa5 Rxa5 40. Rb5 Rxb5 41. Bxb5 Kf7 42. Bc6 Ke6 43. h4 g5 44. hxg5 hxg5 45. Bb7 f4 46. gxf4 gxf4 47. exf4 1/2-1/2

[Event "ITA-ch Lombardia Seniors"]
[Site "Robecchetto"]
[Date "2011.12.29"]
[Round "5"]
[White "Sala, Gianni"]
[Black "Recanatini, Italo"]
[Result "1-0"]
[WhiteElo "1735"]
[BlackElo "1918"]
[PlyCount "84"]
[EventDate "2011.12.27"]
[EventType "swiss"]
[EventRounds "6"]
[EventCountry "ITA"]
[SourceTitle "EXT 2024"]
[Source "ChessBase"]
[SourceDate "2023.10.10"]
[SourceVersion "1"]
[SourceVersionDate "2023.10.10"]
[SourceQuality "1"]

1. e4 d5 2. exd5 Qxd5 3. Nc3 Qa5 4. d4 c6 5. Nf3 Bg4 6. h3 Bxf3 7. Qxf3 e6 8. Bd3 Nf6 9. 0-0 Bd6 10. Ne4 Nxe4 11. Bxe4 Nd7 12. c3 Nf6 13. Bc2 0-0 14. b4 Qc7 15. Bd2 Nd5 16. g3 Rfe8 17. a3 b5 18. Bd3 Rad8 19. Rac1 Nb6 20. c4 bxc4 21. Bxc4 Be5 22. Bb5 Bxd4 23. Bxc6 Re7 24. Bf4 Be5 25. Be4 Qb8 26. Bxe5 Qxe5 27. Rc5 Qb8 28. Rfc1 Red7 29. Qc3 g6 30. Qf6 Rd1+ 31. Kg2 Nd7 32. Qxd8+ Qxd8 33. Rxd1 a5 34. Bc6 axb4 35. axb4 Qb6 36. Bxd7 Qxb4 37. Rdc1 Qe4+ 38. Kg1 h5 39. Bc6 Qf5 40. Bg2 Kg7 41. h4 g5 42. hxg5 Qxg5 1-0

[Event "ITA-ch Lombardia Seniors"]
[Site "Robecchetto"]
[Date "2011.12.27"]
[Round "1"]
[White "Recanatini, Italo"]
[Black "Mason, Giovanni"]
[Result "1-0"]
[WhiteElo "1918"]
[BlackElo "1711"]
[PlyCount "141"]
[EventDate "2011.12.27"]
[EventType "swiss"]
[EventRounds "6"]
[EventCountry "ITA"]
[SourceTitle "EXT 2024"]
[Source "ChessBase"]
[SourceDate "2023.10.10"]
[SourceVersion "1"]
[SourceVersionDate "2023.10.10"]
[SourceQuality "1"]

1. e4 c5 2. Nf3 Nc6 3. c3 e6 4. d4 cxd4 5. cxd4 d5 6. exd5 exd5 7. Bb5 a6 8. Bxc6+ bxc6 9. 0-0 Be6 10. Qa4 Qb6 11. Nc3 Be7 12. Bg5 Nf6 13. Ne5 Rc8 14. Rab1 0-0 15. Rfd1 h6 16. Bh4 g5 17. Bg3 Nh5 18. Qc2 Nxg3 19. hxg3 Bf6 20. Qe2 Qc7 21. Ng4 Bxg4 22. Qxg4 Bg7 23. Qf5 Rce8 24. Qd3 Qc8 25. Rbc1 Re7 26. Nxd5 Re6 27. Nb6 Qb7 28. Na4 Rd6 29. Nc5 Qxb2 30. Rc2 Qxd4 31. Qxd4 Bxd4 32. Ne4 Rd5 33. Rxc6 f5 34. Rd6 fxe4 35. Rxd4 Rxd4 36. Rxd4 Re8 37. Rd6 Kg7 38. Kf1 Rc8 39. Rxa6 Rc3 40. Ke2 g4 41. Kd2 Rc4 42. Ke3 h5 43. a4 Rb4 44. Kf4 Rc4 45. a5 Rd4 46. Ra8 Ra4 47. Kg5 Ra2 48. Kxh5 Rxf2 49. Re8 Rf5+ 50. Kxg4 Rxa5 51. Rxe4 Kg6 52. Kh4 Kf5 53. Rf4+ Kg6 54. g4 Ra2 55. Kg3 Ra5 56. Re4 Kg5 57. Kf3 Rb5 58. Kg3 Ra5 59. Kh3 Rb5 60. Re3 Ra5 61. Rf3 Rc5 62. Rf5+ Rxf5 63. gxf5 Kxf5 64. Kh4 Kg6 65. Kg4 Kf6 66. Kh5 Kg7 67. Kg5 Kf7 68. Kh6 Kg8 69. Kg6 Kh8 70. g4 Kg8 71. g5 1-0

[Event "Robecchetto op-B 19th"]
[Site "Robecchetto"]
[Date "2008.12.29"]
[Round "5"]
[White "Fizzotti, Mario"]
[Black "Recanatini, Italo"]
[Result "0-1"]
[WhiteElo "1795"]
[BlackElo "1897"]
[PlyCount "78"]
[EventDate "2008.12.27"]
[EventType "swiss"]
[EventRounds "6"]
[EventCountry "ITA"]
[SourceTitle "EXT 2011"]
[Source "ChessBase"]
[SourceDate "2010.11.26"]
[SourceVersion "1"]
[SourceVersionDate "2010.11.26"]
[SourceQuality "1"]

1. d4 d5 2. c4 c6 3. Nf3 Nf6 4. Nc3 e6 5. cxd5 exd5 6. Bg5 Be7 7. Qc2 Be6 8. e3 Nbd7 9. Bd3 h6 10. Bh4 Nh5 11. Bxe7 Qxe7 12. 0-0 Nhf6 13. a3 0-0 14. b4 a6 15. Na4 Rfc8 16. Nc5 Rab8 17. Nd2 Nxc5 18. bxc5 b5 19. Qc3 Qc7 20. Nb3 Re8 21. Qa5 Qxa5 22. Nxa5 Bd7 23. Rfb1 Rec8 24. Rb2 Ne8 25. e4 Nc7 26. Re1 Kf8 27. e5 Ne6 28. Rb4 Rc7 29. g3 g5 30. Rf1 Ke7 31. Nb3 a5 32. Nxa5 Ra8 33. Nb3 Rxa3 34. Rd1 Ra4 35. Rxa4 bxa4 36. Nc1 Nxd4 37. Kg2 Rb7 38. f4 Rb2+ 39. Kf1 Bh3+ 0-1